000 00748nam a2200217Ii 4500
003 JO-AjNU
008 230605s9999||||xx |||||||||||||| ||und||
017 _a2006/2048
020 _a977-287-59-8
040 _aJO-AjNU
_bara
_erda
_cJO-AjNU
041 _aara
050 1 4 _aTD340.S27 2006
100 3 _aالسروي ، احمد,
_eauthor
_951489
245 0 0 _aمعالجة المياة الصرف الصحي وتشغيل المحطات
264 3 1 _aالقاهرة: دار الكتب العلمية ،2006
300 _a332ص
336 _atext
_btxt
_2rdacontent
337 _aunmediated
_bn
_2rdamedia
338 _avolume
_bnc
_2rdacarrier
650 4 _aالصرف الصحي-معالجة-المياه-معالجة كيميائية
_951490
999 _aA22750
_c26318
_d26318